|
|
|
|
| LEADER |
00000naa2a2200000 4500 |
| 001 |
227778 |
| 005 |
20231031201358.0 |
| 035 |
|
|
|a (RuTPU)RU\TPU\book\248218
|
| 035 |
|
|
|a RU\TPU\book\248212
|
| 090 |
|
|
|a 227778
|
| 100 |
|
|
|a 20121210d1999 k y0engy50 ba
|
| 101 |
0 |
|
|a eng
|
| 102 |
|
|
|a RU
|
| 200 |
1 |
|
|a Ion implantation in LiNbO3 single crystals
|f V. F. Pichugin [et al.]
|
| 463 |
|
1 |
|0 (RuTPU)RU\TPU\book\7822
|t Korus`98. Abstracts
|o The Second Russian-Korean International Symposium on Science and Technology, August, 30-September, 5
|f Tomsk Polytechnic University (TPU) ; Novosibirsk State Technical University
|v P. 185
|d 1998
|p 293 p.
|
| 610 |
1 |
|
|a труды учёных ТПУ
|
| 701 |
|
1 |
|a Pichugin
|b V. F.
|c Professor of Tomsk Polytechnic University, Doctor of physical and mathematical sciences
|c Physicist
|f 1944-
|g Vladimir Fyodorovich
|2 stltpush
|3 (RuTPU)RU\TPU\pers\30933
|
| 701 |
|
1 |
|a Frangulian
|b T. S.
|
| 701 |
|
1 |
|a Stoliarenko
|b V. F.
|
| 701 |
|
1 |
|a Kim
|b I. W.
|
| 801 |
|
1 |
|a RU
|b 63413507
|c 20091014
|
| 801 |
|
2 |
|a RU
|b 63413507
|c 20130605
|g RCR
|
| 942 |
|
|
|c BK
|